000
00294nam a2200145Ia 4500
100
_a
Wolf/Wayne
942
_c
BK
654
_a
VLSI Design
245
_a
Modern VLSI Design
260
_b
Prentice Hall
_c
2000
082
_a
621.395
_b
WOL
300
_a
560
546
_a
ENGLISH
999
_c
24730
_d
24730